| 000 | 00975nam a2200241 u 4500 | ||
|---|---|---|---|
| 001 | 000272730 | ||
| 003 | AM-YeHGA | ||
| 005 | 20250618071809.0 | ||
| 008 | 031016s1961 ai r 000 0 arm d | ||
| 040 | _aAM-YeHGA | ||
| 041 | 0 | _aarm | |
| 100 | 1 |
_aԳրիգորյան, Վահան Արմենակի, _d1905-1989 _91650 |
|
| 245 | 1 | 0 |
_aՊատմվածքներ / _cՎ.Ա. Գրիգորյան; Խմբ.՝ Հ.Հ. Դանիելյան, Մ. Բաղդասարյան; Նկ.՝ Ս. Գրիգորյան. |
| 260 |
_aԵրևան : _bՀայպետհրատ, _c1961. |
||
| 300 |
_a206 էջ : _bնկ. ; _c20 սմ. |
||
| 650 | 1 | 4 |
_aՀայ գրականություն _xՊատմվածք |
| 653 | 0 | _aՀայրենական մեծ պատերազմ | |
| 653 | 0 | _aՍովետական աշխատանքային առօրյա | |
| 700 | 1 |
_aԴանիելյան, Հ.Հ. _eխմբ. _4edt |
|
| 700 | 1 |
_aԲաղդասարյան, Մ. _eխմբ. _4edt _9465 |
|
| 700 | 1 |
_aԳրիգորյան, Ս. _eնկ. _4art |
|
| 090 | _c100262 | ||
| 999 |
_c98951 _d98951 |
||